[Event "Copenhagen Chess Challenge 2014"]
[Site "Ballerup"]
[Date "2014.05.15"]
[Round "2"]
[White "Olsen, Miriam Frida"]
[Black "Nyland, Thomas"]
[Result "0-1"]
[WhiteElo "1952"]
[BlackElo "2043"]
[PlyCount "62"]
[EventDate "2014.??.??"]
[EventType "swiss"]
[EventRounds "9"]
[EventCountry "DEN"]

1. e4 e5 2. Nf3 Nc6 3. d4 exd4 4. Nxd4 Bc5 5. Nxc6 Qf6 6. Qf3 Qxf3 7. gxf3 bxc6
8. Be3 Bb6 9. Rg1 Ne7 10. c4 d6 11. Nd2 Rb8 12. c5 Bxc5 13. Bxc5 dxc5 14. Nc4
O-O 15. O-O-O Ng6 16. Na5 Be6 17. Kb1 Ne5 18. Be2 Rb4 19. Rg5 f6 20. Rxe5 fxe5
21. Nxc6 Rb6 22. Nxe5 Rd6 23. b3 Rxd1+ 24. Bxd1 Rf4 25. Nd3 Rh4 26. Nxc5 Bc8
27. Nd3 Rxh2 28. Kc1 h5 29. f4 h4 30. Kd2 Rh1 31. Ne1 h3 0-1

[Event "Copenhagen Chess Challenge 2014"]
[Site "Ballerup"]
[Date "2014.05.15"]
[Round "2"]
[White "Pedersen, Daniel V"]
[Black "Danielsen, Henrik"]
[Result "1/2-1/2"]
[WhiteElo "2244"]
[BlackElo "2483"]
[PlyCount "85"]
[EventDate "2014.??.??"]
[EventType "swiss"]
[EventRounds "9"]
[EventCountry "DEN"]

1. e4 d5 2. exd5 Qxd5 3. Nc3 Qd8 4. d4 Nf6 5. Bc4 a6 6. Bg5 b5 7. Bb3 Bb7 8. d5
c5 9. dxc6 Nxc6 10. Bxf6 exf6 11. Bd5 Bb4 12. Qe2+ Kf8 13. O-O-O Qc7 14. Qh5
Bxc3 15. bxc3 Ne5 16. Ne2 Re8 17. Bxb7 Qxb7 18. Nf4 Qe7 19. Rhe1 h6 20. Kb1 g6
21. Qh3 Kg7 22. Nxg6 fxg6 23. f4 Rd8 24. fxe5 fxe5 25. Qe3 Rhe8 26. Qe4 Rd6 27.
g3 Qd7 28. Rd3 Re7 29. h4 h5 30. Rxd6 Qxd6 31. g4 hxg4 32. Qxg4 Qe6 33. Qg2 Qf5
34. Re4 Rd7 35. Qe2 Rd5 36. Kb2 Kh7 37. Qe3 Kg7 38. a3 Kh7 39. Qe2 Kg7 40. Qe3
Kh7 41. Qe2 Kg7 42. Qe3 Kh7 43. Qe2 1/2-1/2

[Event "Copenhagen Chess Challenge 2014"]
[Site "Ballerup"]
[Date "2014.05.15"]
[Round "2"]
[White "Roneid, Heidi"]
[Black "Yin, Zixiao"]
[Result "1/2-1/2"]
[WhiteElo "1656"]
[BlackElo "2020"]
[PlyCount "46"]
[EventDate "2014.??.??"]
[EventType "swiss"]
[EventRounds "9"]
[EventCountry "DEN"]

1. e4 c6 2. Nc3 d6 3. d4 Nf6 4. Nf3 g6 5. Bd3 Bg7 6. O-O O-O 7. Bf4 Nh5 8. Be3
Qe8 9. h3 f5 10. Bc4+ Kh8 11. e5 d5 12. Bb3 f4 13. Bd2 h6 14. Ne2 g5 15. Nh2
Be6 16. c3 Nd7 17. Bc2 Bf5 18. Bxf5 Rxf5 19. g4 fxg3 20. fxg3 Rxf1+ 21. Qxf1
Qg6 22. Qb1 Qxb1+ 23. Rxb1 Bf8 1/2-1/2

[Event "Copenhagen Chess Challenge 2014"]
[Site "Ballerup"]
[Date "2014.05.15"]
[Round "2"]
[White "Rydstrom, Tom"]
[Black "Haub, Thorsten Michael"]
[Result "0-1"]
[WhiteElo "2190"]
[BlackElo "2441"]
[PlyCount "112"]
[EventDate "2014.??.??"]
[EventType "swiss"]
[EventRounds "9"]
[EventCountry "DEN"]

1. e4 g6 2. d4 Bg7 3. Nc3 a6 4. a4 b6 5. Bc4 e6 6. Nf3 d6 7. O-O Ne7 8. Re1 O-O
9. Be3 h6 10. Qd2 Kh7 11. Rad1 Nd7 12. Qe2 Bb7 13. h3 Qe8 14. Bf4 f5 15. exf5
Nxf5 16. Bxe6 Nxd4 17. Nxd4 Rxf4 18. Bd5 Rxd4 19. Bxb7 Qxe2 20. Rxe2 Rd8 21.
Bxa6 Rxd1+ 22. Nxd1 Nc5 23. Bb5 Be5 24. f4 Bf6 25. b4 Nd7 26. Nf2 d5 27. Ng4
Kg7 28. Re6 Bd4+ 29. Kh2 h5 30. Ne5 Nxe5 31. fxe5 Kf7 32. Rf6+ Ke7 33. Rxg6
Bxe5+ 34. Kg1 h4 35. Be2 Bg3 36. Bf3 Ra8 37. Bxd5 Rxa4 38. Kf1 Rxb4 39. Rg4 Rb2
40. Bb3 c5 41. Rg7+ Kd6 42. Rg6+ Kc7 43. Bd5 b5 44. Be4 Rb4 45. Bf3 Rc4 46. Bd1
Re4 47. Be2 c4 48. Rg4 Re6 49. Rd4 Kb6 50. Rd1 Kc5 51. Rc1 Kb4 52. Rb1+ Kc3 53.
Rxb5 Kxc2 54. Rc5 c3 55. Rc8 Kb2 56. Bd3 Re1# 0-1

[Event "Copenhagen Chess Challenge 2014"]
[Site "Ballerup"]
[Date "2014.05.15"]
[Round "2"]
[White "Sahl, Bjarke"]
[Black "Vesterli, Michael E"]
[Result "0-1"]
[WhiteElo "2368"]
[BlackElo "2107"]
[PlyCount "78"]
[EventDate "2014.??.??"]
[EventType "swiss"]
[EventRounds "9"]
[EventCountry "DEN"]

1. d4 Nf6 2. c4 c5 3. d5 b5 4. Nf3 g6 5. g3 Bg7 6. Bg2 d6 7. cxb5 a6 8. bxa6
Bxa6 9. O-O O-O 10. Nc3 Qa5 11. Bd2 Bb7 12. Qc1 Nbd7 13. Rd1 Rfb8 14. Bh6 Bh8
15. h3 Nb6 16. Ng5 Nc4 17. Rb1 Bc8 18. e4 Nd7 19. Qf4 Nde5 20. Qc1 Nd7 21. Qf4
Bf6 22. e5 Ncxe5 23. a3 Ba6 24. Nce4 Bd3 25. Nxf6+ Nxf6 26. Rxd3 Nxd3 27. Qe3
Ne5 28. f4 Neg4 29. hxg4 Nxg4 30. Qxe7 Nxh6 31. Qxd6 c4 32. Ne4 Rd8 33. Qe5
Qb6+ 34. Kh1 Ng4 35. Qc3 Rxd5 36. Bh3 Nf2+ 37. Nxf2 Qxf2 38. Qe1 Qxe1+ 39. Rxe1
Rd2 0-1

[Event "Copenhagen Chess Challenge 2014"]
[Site "Ballerup"]
[Date "2014.05.15"]
[Round "2"]
[White "Semcesen, Daniel"]
[Black "Englert, Fabian"]
[Result "1/2-1/2"]
[WhiteElo "2513"]
[BlackElo "2310"]
[PlyCount "35"]
[EventDate "2014.??.??"]
[EventType "swiss"]
[EventRounds "9"]
[EventCountry "DEN"]

1. d4 d5 2. c4 dxc4 3. e3 e5 4. Bxc4 Nc6 5. d5 Nce7 6. Nf3 Ng6 7. Nc3 a6 8. O-O
f5 9. e4 f4 10. a3 Bd6 11. Be2 Nh6 12. b4 O-O 13. Bd2 Nh4 14. Nxh4 Qxh4 15. f3
Rf6 16. Be1 Qh5 17. Rf2 Nf7 18. Bd3 1/2-1/2

[Event "Copenhagen Chess Challenge 2014"]
[Site "Ballerup"]
[Date "2014.05.15"]
[Round "2"]
[White "Skovgaard, Ib"]
[Black "Johansen, Johnny Holler"]
[Result "0-1"]
[WhiteElo "2041"]
[BlackElo "1949"]
[PlyCount "104"]
[EventDate "2014.??.??"]
[EventType "swiss"]
[EventRounds "9"]
[EventCountry "DEN"]

1. e4 e6 2. d4 d5 3. Nd2 Nf6 4. e5 Nfd7 5. Bd3 c5 6. c3 Nc6 7. Ndf3 Be7 8. Ne2
f6 9. exf6 Nxf6 10. O-O O-O 11. Ng3 cxd4 12. cxd4 Bd7 13. Bd2 Qe8 14. Rc1 Rc8
15. a3 Bd6 16. Re1 Qd8 17. b4 a6 18. Qb3 Qb6 19. Be3 Ng4 20. Nf5 Bb8 21. Rxc6
Bxc6 22. Ne7+ Kh8 23. Nxc8 Rxc8 24. Ng5 Bb5 25. Bf5 Bc4 26. Qb1 Qc7 27. g3 exf5
28. Qxf5 Nf6 29. Bf4 Qd7 30. Re6 Bxf4 31. gxf4 h6 32. Rxf6 Qxf5 33. Nf7+ Kh7
34. Rxf5 Kg6 35. Nd6 Rc6 36. Rf7 Rxd6 37. Rxb7 Re6 38. f5+ Kxf5 39. Rxg7 Re1+
40. Kg2 Ra1 41. Rg3 Bf1+ 42. Kh1 Bh3+ 43. Rg1 Rxa3 44. f4 Kxf4 45. Re1 Rd3 46.
Kg1 Rxd4 47. Rb1 Rd2 48. b5 axb5 49. Rb4+ Ke3 50. Rb3+ Rd3 51. Rb1 Ke2 52. Kh1
Rd1+ 0-1

[Event "Copenhagen Chess Challenge 2014"]
[Site "Ballerup"]
[Date "2014.05.15"]
[Round "2"]
[White "Sorensen, Per Settergren"]
[Black "Kistrup, Nicolai"]
[Result "1-0"]
[WhiteElo "2021"]
[BlackElo "1721"]
[PlyCount "65"]
[EventDate "2014.??.??"]
[EventType "swiss"]
[EventRounds "9"]
[EventCountry "DEN"]

1. e4 c5 2. Nf3 d6 3. d4 cxd4 4. Nxd4 Nf6 5. Nc3 g6 6. Be3 Bg7 7. f3 Nc6 8. Qd2
Bd7 9. Bc4 a6 10. Bb3 Rc8 11. O-O-O Ne5 12. Bh6 O-O 13. h4 Nc4 14. Bxc4 Rxc4
15. Bxg7 Kxg7 16. h5 Qa5 17. Nb3 Qc7 18. hxg6 fxg6 19. g4 Be6 20. Rh2 Rc8 21.
Nd4 Bf7 22. Qh6+ Kg8 23. Nf5 gxf5 24. gxf5 Kh8 25. Rg1 Rg8 26. Rxg8+ Bxg8 27.
Rg2 Ne8 28. Qg5 Bf7 29. Nd5 Qa5 30. c3 b5 31. Qxe7 Ng7 32. Qf8+ Bg8 33. Qxg7#
1-0

[Event "Copenhagen Chess Challenge 2014"]
[Site "Ballerup"]
[Date "2014.05.15"]
[Round "2"]
[White "Stojanovski, Sandi"]
[Black "Subramanian, Aditya"]
[Result "0-1"]
[WhiteElo "2265"]
[BlackElo "1845"]
[PlyCount "52"]
[EventDate "2014.??.??"]
[EventType "swiss"]
[EventRounds "9"]
[EventCountry "DEN"]

1. d4 Nf6 2. c4 e6 3. Nc3 Bb4 4. e3 O-O 5. Bd3 d5 6. Nf3 c5 7. O-O cxd4 8. exd4
dxc4 9. Bxc4 b6 10. Bg5 Bb7 11. Rc1 Nbd7 12. Re1 a6 13. Bd3 h6 14. Bh4 Ra7 15.
Ne5 Qa8 16. Ng4 Bxg2 17. Nxf6+ Nxf6 18. Bxf6 Bf3 19. Qd2 gxf6 20. Qxh6 f5 21.
Qg5+ Kh7 22. Qh4+ Kg6 23. Qg3+ Kh6 24. Qf4+ Kh7 25. Qh4+ Kg6 26. Ne4 Rg8 0-1

[Event "Copenhagen Chess Challenge 2014"]
[Site "Ballerup"]
[Date "2014.05.15"]
[Round "2"]
[White "Sylvan, Jacob"]
[Black "Karlsson, Anders"]
[Result "1-0"]
[WhiteElo "2348"]
[BlackElo "1915"]
[PlyCount "75"]
[EventDate "2014.??.??"]
[EventType "swiss"]
[EventRounds "9"]
[EventCountry "DEN"]

1. d4 Nf6 2. c4 e6 3. g3 d5 4. Bg2 c6 5. Nd2 Bb4 6. Qc2 O-O 7. Ngf3 b6 8. O-O
Ba6 9. b3 Nbd7 10. Rd1 Rc8 11. Nf1 Ne4 12. Bb2 f5 13. c5 bxc5 14. a3 Ba5 15.
dxc5 Bc7 16. Nd4 Qe8 17. b4 Bb8 18. f3 Nef6 19. Re1 Qf7 20. Qa4 Bb7 21. Rac1
Ne5 22. Nd2 a6 23. Rf1 g5 24. Qc2 f4 25. gxf4 gxf4 26. Bh3 Rce8 27. Kh1 Ng6 28.
Rg1 Kh8 29. Rg5 Be5 30. N2b3 Nd7 31. Rcg1 Bf6 32. Nxe6 Rxe6 33. Bxe6 Qxe6 34.
Rxg6 hxg6 35. Qxg6 Qf7 36. Qh6+ Qh7 37. Qxf8+ Nxf8 38. Bxf6+ 1-0

[Event "Copenhagen Chess Challenge 2014"]
[Site "Ballerup"]
[Date "2014.05.15"]
[Round "2"]
[White "Thorfinnsson, Bragi"]
[Black "Nordenbaek, Jan"]
[Result "1-0"]
[WhiteElo "2459"]
[BlackElo "2248"]
[PlyCount "125"]
[EventDate "2014.??.??"]
[EventType "swiss"]
[EventRounds "9"]
[EventCountry "DEN"]

1. d4 d5 2. Bf4 Nf6 3. Nc3 c6 4. e3 Bf5 5. f3 e6 6. g4 Bg6 7. h4 h6 8. Bd3 Bxd3
9. Qxd3 Bd6 10. O-O-O Qe7 11. Nge2 Nbd7 12. Bxd6 Qxd6 13. e4 dxe4 14. fxe4 Nxg4
15. e5 Qe7 16. Ne4 O-O-O 17. Qb3 Kb8 18. a4 Nb6 19. a5 Nd5 20. Nc5 h5 21. c4
Nde3 22. Rd2 Ka8 23. Rh3 Nf5 24. a6 b6 25. Nb7 Rc8 26. c5 b5 27. Ng3 Nxg3 28.
Qxg3 Rc7 29. Nd6 Rb8 30. Qg2 f5 31. Qh1 g6 32. Rb3 b4 33. Nb7 g5 34. Na5 Qd7
35. hxg5 Qc8 36. Nb7 Qd7 37. Nd6 Qg7 38. Qh4 f4 39. Rf3 Rf8 40. Qxh5 Nxe5 41.
dxe5 Qxe5 42. Nb7 Qe4 43. Rfd3 f3 44. Rd8+ Rc8 45. Rxc8+ Rxc8 46. Nd6 Qe1+ 47.
Rd1 Qe3+ 48. Kb1 Qe2 49. Qh1 b3 50. Qf1 Rf8 51. Rc1 Rf4 52. Qd1 Qxd1 53. Rxd1
f2 54. Rf1 Rg4 55. Nc4 Rxc4 56. Rxf2 Kb8 57. Rg2 Rxc5 58. g6 Rf5 59. Kc1 Rc5+
60. Kd1 Rd5+ 61. Ke2 Rd8 62. Ke3 Kc7 63. Ke4 1-0

[Event "Copenhagen Chess Challenge 2014"]
[Site "Ballerup"]
[Date "2014.05.15"]
[Round "2"]
[White "Thorhallsson, Throstur"]
[Black "Thuesen, Mogens Henrik"]
[Result "1-0"]
[WhiteElo "2437"]
[BlackElo "2235"]
[PlyCount "51"]
[EventDate "2014.??.??"]
[EventType "swiss"]
[EventRounds "9"]
[EventCountry "DEN"]

1. e4 e6 2. d4 d5 3. Nc3 dxe4 4. Nxe4 Be7 5. Nf3 Nf6 6. Bd3 Nxe4 7. Bxe4 c5 8.
Be3 Nd7 9. c3 O-O 10. Bc2 cxd4 11. Bxd4 Bf6 12. Qd3 g6 13. O-O-O Qc7 14. h4 e5
15. Be3 Nc5 16. Qd5 Ne6 17. Ng5 Rd8 18. Qf3 Bg7 19. Rxd8+ Nxd8 20. h5 Ne6 21.
hxg6 hxg6 22. Bb3 Nxg5 23. Bxg5 a5 24. Qe4 Ra6 25. Qh4 Be6 26. Bf6 1-0

[Event "Copenhagen Chess Challenge 2014"]
[Site "Ballerup"]
[Date "2014.05.15"]
[Round "2"]
[White "Ziska, Helgi Dam"]
[Black "Westerinen, Heikki"]
[Result "1-0"]
[WhiteElo "2491"]
[BlackElo "2299"]
[PlyCount "93"]
[EventDate "2014.??.??"]
[EventType "swiss"]
[EventRounds "9"]
[EventCountry "DEN"]

1. e4 e6 2. d3 d5 3. Qe2 dxe4 4. dxe4 b6 5. Nf3 Bb4+ 6. Nbd2 Ba6 7. c4 c5 8. a3
Ba5 9. Qe3 Nc6 10. Be2 e5 11. O-O Bxd2 12. Bxd2 f6 13. b4 Nd4 14. Nxd4 Qxd4 15.
Rfd1 Qxe3 16. Bxe3 Ne7 17. bxc5 bxc5 18. Bxc5 Rc8 19. Bxa7 Bxc4 20. Bg4 Ra8 21.
Bc5 h5 22. Bh3 g5 23. Rac1 g4 24. Bxg4 hxg4 25. Rxc4 Ng6 26. Bb4 Nf4 27. Rc7
Ne2+ 28. Kh1 Nd4 29. Re7+ Kd8 30. Rg7 Rc8 31. Be7+ Ke8 32. Bxf6 Rc2 33. Bxe5
Ne6 34. Rxg4 Rh5 35. f4 Re2 36. Rg8+ Kf7 37. Rc8 Rxe4 38. Rd7+ Kg6 39. Rg8+ Kh6
40. g4 Rhxe5 41. fxe5 Nf4 42. h4 Re1+ 43. Kh2 Re2+ 44. Kg3 Re3+ 45. Kf2 Re2+
46. Kf3 Re1 47. g5+ 1-0

[Event "Copenhagen Chess Challenge 2014"]
[Site "Ballerup"]
[Date "2014.05.15"]
[Round "3"]
[White "Bjerre, Tavs"]
[Black "Roneid, Heidi"]
[Result "1-0"]
[WhiteElo "2067"]
[BlackElo "1656"]
[PlyCount "61"]
[EventDate "2014.??.??"]
[EventType "swiss"]
[EventRounds "9"]
[EventCountry "DEN"]

1. d4 Nf6 2. c4 e6 3. Nc3 Bb4 4. e3 O-O 5. Bd3 c5 6. Nf3 Nc6 7. O-O Bxc3 8.
bxc3 b6 9. e4 Ba6 10. Bg5 h6 11. Bh4 Qc7 12. e5 Ne8 13. Qe2 d6 14. Bg3 Rc8 15.
Qe4 g6 16. exd6 Qd8 17. dxc5 bxc5 18. Rad1 Qd7 19. Rfe1 Rd8 20. Qf4 g5 21. Nxg5
hxg5 22. Qxg5+ Ng7 23. Be4 f6 24. Qg6 f5 25. Bxc6 Qxc6 26. Rxe6 Bb7 27. f3 Qa4
28. Rde1 Qxc4 29. Be5 Rd7 30. Re7 Rxe7 31. dxe7 1-0

[Event "Copenhagen Chess Challenge 2014"]
[Site "Ballerup"]
[Date "2014.05.15"]
[Round "3"]
[White "Danielsen, Henrik"]
[Black "Andersen, Daniel"]
[Result "1-0"]
[WhiteElo "2483"]
[BlackElo "1940"]
[PlyCount "119"]
[EventDate "2014.??.??"]
[EventType "swiss"]
[EventRounds "9"]
[EventCountry "DEN"]

1. Nf3 Nf6 2. c4 g6 3. g3 c6 4. Bg2 Bg7 5. d4 d5 6. Qb3 dxc4 7. Qxc4 Be6 8. Qa4
O-O 9. O-O Na6 10. Nc3 Nd5 11. Rd1 Nb6 12. Qc2 Nb4 13. Qb1 N4d5 14. e4 Nxc3 15.
bxc3 Qc8 16. Ng5 Bg4 17. f3 Bd7 18. e5 Bf5 19. Qb3 h6 20. Ne4 Be6 21. Qb1 Nc4
22. Nc5 Rb8 23. Nxe6 Qxe6 24. f4 Rfd8 25. a4 a5 26. h3 Qd7 27. Qe4 e6 28. g4 c5
29. d5 exd5 30. Rxd5 Qxd5 31. Qxd5 Rxd5 32. Bxd5 Nb6 33. Be4 Rd8 34. Be3 Bf8
35. Kf2 Nc4 36. Rb1 b6 37. Ke2 Nxe3 38. Kxe3 c4 39. Ke2 Bc5 40. Rf1 Kg7 41. h4
Be7 42. h5 gxh5 43. gxh5 Bc5 44. Rf3 Rg8 45. Bd5 Kf8 46. Rh3 Ke7 47. Bxc4 Rg2+
48. Kf3 Rc2 49. Ke4 Rg2 50. Kf5 Rg1 51. Bb5 Rd1 52. Bc6 Rd2 53. Rg3 Kf8 54. Rh3
Rd1 55. Bb5 Rd2 56. Ke4 Rd1 57. f5 Rg1 58. f6 Rg4+ 59. Kf5 Rg5+ 60. Kf4 1-0

[Event "Copenhagen Chess Challenge 2014"]
[Site "Ballerup"]
[Date "2014.05.15"]
[Round "3"]
[White "de Blecourt Dalsberg, Sandra"]
[Black "Larsen, Tor Ketil"]
[Result "0-1"]
[WhiteElo "2121"]
[BlackElo "2004"]
[PlyCount "110"]
[EventDate "2014.??.??"]
[EventType "swiss"]
[EventRounds "9"]
[EventCountry "DEN"]

1. d4 Nf6 2. c4 c5 3. d5 b5 4. cxb5 a6 5. b6 d6 6. Nc3 Nbd7 7. a4 a5 8. e4 g6
9. Nf3 Bg7 10. Bb5 O-O 11. O-O Ba6 12. Nd2 Bxb5 13. axb5 Nxb6 14. f4 Qd7 15.
Qf3 Ne8 16. e5 dxe5 17. Nde4 exf4 18. Bxf4 Nxd5 19. Nxd5 Qxd5 20. Rad1 Bd4+ 21.
Kh1 f5 22. Bh6 Rf7 23. Ng5 Qxf3 24. Rxf3 Rf6 25. b6 Rxb6 26. g4 Rf6 27. Rb3 Nd6
28. Nf3 e5 29. Bg5 Rf7 30. Rb6 Ne4 31. Kg2 fxg4 32. Nxd4 Nxg5 33. Nc6 Re8 34.
Nxa5 Ref8 35. Rd2 Kg7 36. Nc4 Nf3 37. Re2 Nh4+ 38. Kg3 Nf5+ 39. Kxg4 Nd4 40.
Rxe5 Rf4+ 41. Kg3 Rf3+ 42. Kg2 Rf2+ 43. Kg1 Nf3+ 44. Kxf2 Nxe5+ 45. Ke2 Nxc4
46. Rb7+ Rf7 47. Rb5 Rf5 48. Rb7+ Kh6 49. Kd3 Nd6 50. Rd7 Rd5+ 51. Kc2 Rd4 52.
Rc7 c4 53. Rc5 Ne4 54. Re5 g5 55. h3 Kh5 0-1

[Event "Copenhagen Chess Challenge 2014"]
[Site "Ballerup"]
[Date "2014.05.15"]
[Round "3"]
[White "Englert, Fabian"]
[Black "Subramanian, Aditya"]
[Result "1/2-1/2"]
[WhiteElo "2310"]
[BlackElo "1845"]
[PlyCount "45"]
[EventDate "2014.??.??"]
[EventType "swiss"]
[EventRounds "9"]
[EventCountry "DEN"]

1. d4 Nf6 2. Nf3 e6 3. Bg5 h6 4. Bxf6 Qxf6 5. e4 d6 6. Bd3 Nd7 7. Nc3 g6 8. Qd2
Bg7 9. Nb5 Qd8 10. Qc3 Nc5 11. e5 a6 12. dxc5 axb5 13. cxd6 cxd6 14. Bxb5+ Bd7
15. Qb4 Qa5 16. Bxd7+ Kxd7 17. c3 Qxb4 18. cxb4 Bxe5 19. Nxe5+ dxe5 20. O-O-O+
Ke7 21. a3 Rac8+ 22. Kb1 Rc4 23. Rhe1 1/2-1/2

[Event "Copenhagen Chess Challenge 2014"]
[Site "Ballerup"]
[Date "2014.05.15"]
[Round "3"]
[White "Hansen, Mads"]
[Black "Pedersen, Daniel V"]
[Result "1/2-1/2"]
[WhiteElo "2358"]
[BlackElo "2244"]
[PlyCount "61"]
[EventDate "2014.??.??"]
[EventType "swiss"]
[EventRounds "9"]
[EventCountry "DEN"]

1. e4 e5 2. Nc3 Nf6 3. g3 d5 4. exd5 Nxd5 5. Bg2 Nxc3 6. bxc3 Nc6 7. Nf3 Bd6 8.
Rb1 O-O 9. O-O Rb8 10. d4 Bg4 11. h3 Bh5 12. Re1 Re8 13. g4 Bg6 14. dxe5 Nxe5
15. Nxe5 Rxe5 16. Rxb7 Rxb7 17. Rxe5 Rb1 18. Re1 h6 19. Qd4 c5 20. Qe3 Qc7 21.
Bd2 Rxe1+ 22. Bxe1 Qe7 23. Bd2 Bxc2 24. Bd5 Qxe3 25. Bxe3 Kf8 26. f4 f5 27. Kf2
Ke7 28. Ke2 g6 29. Bf2 Kf6 30. Ke3 Bd1 31. Bf3 1/2-1/2

[Event "Copenhagen Chess Challenge 2014"]
[Site "Ballerup"]
[Date "2014.05.15"]
[Round "3"]
[White "Haub, Thorsten Michael"]
[Black "Sylvan, Jacob"]
[Result "1/2-1/2"]
[WhiteElo "2441"]
[BlackElo "2348"]
[PlyCount "68"]
[EventDate "2014.??.??"]
[EventType "swiss"]
[EventRounds "9"]
[EventCountry "DEN"]

1. g3 g6 2. Bg2 Bg7 3. e4 d6 4. Nf3 Nf6 5. c3 O-O 6. Qe2 c5 7. O-O Nc6 8. Na3
h6 9. d4 cxd4 10. Nxd4 Bd7 11. h3 Rc8 12. Be3 a6 13. Rfd1 Qc7 14. c4 Nxd4 15.
Bxd4 Bc6 16. Rac1 Nd7 17. Bxg7 Kxg7 18. b4 b6 19. Nb5 Qb8 20. Nc3 Rfe8 21. Kh2
Nf6 22. c5 bxc5 23. bxc5 Ba8 24. cxd6 exd6 25. Qxa6 Nxe4 26. Nxe4 Rxc1 27. Rxc1
Bxe4 28. Bxe4 Rxe4 29. Qd3 Qb4 30. Rc7 Re6 31. Rc4 Qb2 32. Qd4+ Qxd4 33. Rxd4
Re2 34. Kg2 Rxa2 1/2-1/2

[Event "Copenhagen Chess Challenge 2014"]
[Site "Ballerup"]
[Date "2014.05.15"]
[Round "3"]
[White "Hector, Jonny"]
[Black "Fries Nielsen, Jens Ove"]
[Result "0-1"]
[WhiteElo "2511"]
[BlackElo "2384"]
[PlyCount "104"]
[EventDate "2014.??.??"]
[EventType "swiss"]
[EventRounds "9"]
[EventCountry "DEN"]

1. e4 d6 2. d4 Nf6 3. Nc3 a6 4. f4 e6 5. Nf3 b5 6. e5 Nfd7 7. Ne4 Bb7 8. Bd3 c5
9. Neg5 h6 10. Nxe6 fxe6 11. Bg6+ Ke7 12. Be3 Qc7 13. O-O Nc6 14. c3 cxd4 15.
cxd4 Nb6 16. Bf2 Nd5 17. Bh4+ Kd7 18. f5 Kc8 19. fxe6 Ne3 20. Qd2 Nxf1 21. Rxf1
d5 22. Be8 Bb4 23. Bd7+ Kb8 24. Qd3 g5 25. Bg3 Ka7 26. a3 Be7 27. Rc1 Rad8 28.
Nd2 Rxd7 29. exd7 Qxd7 30. b4 Rf8 31. Nb3 Qf5 32. Qe2 g4 33. Bf2 Bg5 34. Rf1
Qe4 35. Qxe4 dxe4 36. Re1 Ka8 37. Nc5 e3 38. Bxe3 Bxe3+ 39. Rxe3 Nxd4 40. e6
Re8 41. h3 g3 42. Kf1 Nf5 43. Rd3 Bd5 44. Nxa6 Bc4 45. Nc7+ Kb7 46. Nxe8 Bxd3+
47. Ke1 Kc6 48. Nf6 Kd6 49. Kd2 Bf1 50. e7 Kxe7 51. Nd5+ Kd6 52. Nf4 Ke5 0-1

[Event "Copenhagen Chess Challenge 2014"]
[Site "Ballerup"]
[Date "2014.05.15"]
[Round "3"]
[White "Hein, Jacob"]
[Black "Nielsen, Thomas (1975)"]
[Result "0-1"]
[WhiteElo "1451"]
[BlackElo "1912"]
[PlyCount "59"]
[EventDate "2014.??.??"]
[EventType "swiss"]
[EventRounds "9"]
[EventCountry "DEN"]

1. c4 e6 2. Nf3 d5 3. e3 c5 4. d4 Nc6 5. Ne5 cxd4 6. Nxc6 bxc6 7. exd4 Bb4+ 8.
Nd2 dxc4 9. Qa4 Bxd2+ 10. Bxd2 Bb7 11. Be3 Ne7 12. Bxc4 O-O 13. O-O Nf5 14.
Rad1 Qh4 15. Rd3 Rfd8 16. Bxe6 fxe6 17. Qb3 Qe7 18. Re1 Nxe3 19. Rdxe3 Bc8 20.
Re4 Qf6 21. R1e3 Rxd4 22. Rxd4 Qxd4 23. Rd3 Qf6 24. Rd6 Qe7 25. Qd1 Ba6 26. Qd2
Bc4 27. Rxc6 Rd8 28. Qc1 Qd7 29. Qxc4 Qxc6 30. Qxc6 0-1

[Event "Copenhagen Chess Challenge 2014"]
[Site "Ballerup"]
[Date "2014.05.15"]
[Round "3"]
[White "Jensen, Morten Frank"]
[Black "Rydstrom, Tom"]
[Result "0-1"]
[WhiteElo "2005"]
[BlackElo "2190"]
[PlyCount "130"]
[EventDate "2014.??.??"]
[EventType "swiss"]
[EventRounds "9"]
[EventCountry "DEN"]

1. e4 e5 2. Bb5 c6 3. Ba4 Nf6 4. Nc3 Bb4 5. Nge2 O-O 6. O-O d5 7. exd5 cxd5 8.
d4 e4 9. Bg5 Be6 10. Nf4 Bxc3 11. bxc3 h6 12. Nxe6 fxe6 13. Bd2 a6 14. Bb3 Nc6
15. a4 Rc8 16. Bc1 Ne7 17. Qd2 Nf5 18. Ba3 Rf7 19. f3 Qc7 20. Rae1 e3 21. Rxe3
Nxe3 22. Qxe3 Qxc3 23. Qxc3 Rxc3 24. Re1 Rd7 25. Rxe6 Kf7 26. Re5 b5 27. axb5
axb5 28. Bc5 Rd8 29. Kf2 Re8 30. Rxe8 Kxe8 31. Ke2 Kd7 32. Kd2 b4 33. Bxb4 Rc8
34. Kd3 Ke6 35. Bd2 Ra8 36. Bc3 Ne8 37. Bb2 Rb8 38. Ba3 Ra8 39. Bb2 Nd6 40. Bc3
Rc8 41. Bb4 Nc4 42. Ke2 Kf5 43. Bxc4 Rxc4 44. c3 h5 45. h4 Rc6 46. g3 Ra6 47.
Ke3 Rg6 48. Kf2 Ke6 49. Ba3 Kd7 50. Bc1 Kc6 51. Ba3 Kb5 52. Bb4 Kc4 53. Ba5 Kd3
54. Bb4 Ra6 55. g4 g6 56. Kg3 Ke3 57. Bc5 Rf6 58. gxh5 gxh5 59. Bb4 Rg6+ 60.
Kh3 Kxf3 61. Be7 Rg3+ 62. Kh2 Kg4 63. Bf6 Rxc3 64. Kg2 Rh3 65. Kf2 Rf3+ 0-1

[Event "Copenhagen Chess Challenge 2014"]
[Site "Ballerup"]
[Date "2014.05.15"]
[Round "3"]
[White "Johansen, Johnny Holler"]
[Black "Lauritsen, Martin Lee"]
[Result "0-1"]
[WhiteElo "1949"]
[BlackElo "2141"]
[PlyCount "48"]
[EventDate "2014.??.??"]
[EventType "swiss"]
[EventRounds "9"]
[EventCountry "DEN"]

1. f4 c5 2. Nf3 Nc6 3. e3 g6 4. d4 d5 5. Be2 Nf6 6. O-O Bg7 7. c3 O-O 8. Ne5
Qc7 9. Nd2 Ne8 10. Ndf3 f6 11. Nxc6 Qxc6 12. Bd2 Nd6 13. Be1 c4 14. h3 Bf5 15.
g4 Be4 16. Bg3 Rae8 17. Qd2 b5 18. a3 Rb8 19. Nh4 e6 20. f5 g5 21. Ng2 exf5 22.
gxf5 Rb6 23. Bg4 Bd3 24. Rf2 Ne4 0-1

[Event "Copenhagen Chess Challenge 2014"]
[Site "Ballerup"]
[Date "2014.05.15"]
[Round "3"]
[White "Karlsson, Anders"]
[Black "Jacobsen, Mikkel Manosri"]
[Result "1-0"]
[WhiteElo "1915"]
[BlackElo "2113"]
[PlyCount "141"]
[EventDate "2014.??.??"]
[EventType "swiss"]
[EventRounds "9"]
[EventCountry "DEN"]

1. e4 c6 2. d4 d5 3. Nc3 dxe4 4. Nxe4 Bf5 5. Ng3 Bg6 6. Nf3 Nd7 7. h4 h6 8. Bd3
Bxd3 9. Qxd3 e6 10. Bf4 Qa5+ 11. c3 Ngf6 12. b4 Qb6 13. O-O Nd5 14. Bd2 Be7 15.
a3 Qc7 16. Rfe1 O-O 17. c4 Nf4 18. Qe4 g5 19. hxg5 hxg5 20. Ne5 f5 21. Qf3 Nxe5
22. Rxe5 Bf6 23. Ree1 Bxd4 24. Rad1 e5 25. Ne2 g4 26. Qg3 Nxe2+ 27. Rxe2 Qg7
28. Qh4 f4 29. Re4 Rf6 30. Bxf4 Rxf4 31. Rdxd4 Raf8 32. Rxf4 exf4 33. Rd6 g3
34. Qh5 Qa1+ 35. Rd1 gxf2+ 36. Kxf2 Qg7 37. Rd6 Qb2+ 38. Kg1 Rf7 39. Rd8+ Rf8
40. Qg5+ Qg7 41. Rxf8+ Kxf8 42. Qxf4+ Kg8 43. Qe3 Qg6 44. Kh2 Kf7 45. Qf4+ Ke6
46. c5 Qd3 47. Qg4+ Ke7 48. Qf3 Qh7+ 49. Kg3 Qg7+ 50. Kf2 Qg6 51. g4 Ke6 52.
Kg3 Qb1 53. g5 Qg1+ 54. Kf4 Qh2+ 55. Kg4 Qg1+ 56. Kh5 Qh2+ 57. Kg6 Qc2+ 58. Kg7
Ke5 59. g6 Qh2 60. Qf6+ Ke4 61. Qe6+ Kf3 62. Kf7 Qh5 63. Ke7 Qh6 64. Qf7+ Kg2
65. g7 Qg5+ 66. Kd7 Qg4+ 67. Kc7 Qg3+ 68. Kxb7 Qxa3 69. g8=Q+ Qg3 70. Qxg3+
Kxg3 71. Kxc6 1-0

[Event "Copenhagen Chess Challenge 2014"]
[Site "Ballerup"]
[Date "2014.05.15"]
[Round "3"]
[White "Karlsson, Ulf"]
[Black "Haubro, Sigfred"]
[Result "1/2-1/2"]
[WhiteElo "1959"]
[BlackElo "2175"]
[PlyCount "39"]
[EventDate "2014.??.??"]
[EventType "swiss"]
[EventRounds "9"]
[EventCountry "DEN"]

1. e4 d5 2. Nc3 dxe4 3. Nxe4 Nf6 4. Nxf6+ exf6 5. d4 Be7 6. Nf3 O-O 7. Be2 Bg4
8. O-O Nd7 9. b3 c5 10. d5 Qc7 11. c4 Bd6 12. h3 Bh5 13. Bb2 Rae8 14. Re1 Re4
15. Nd2 Bxe2 16. Rxe2 Rh4 17. Nf3 Rh5 18. Qd3 Ne5 19. Nxe5 fxe5 20. Rae1
1/2-1/2